|
|
|
|
| LEADER |
00000nab a2200000uu 4500 |
| 001 |
vtls011464500 |
| 003 |
SK-MaSNL |
| 005 |
20260303173127.0 |
| 008 |
230222|1954 xo |||||||||||||||||slo| |
| 015 |
|
|
|a SNBRB
|
| 035 |
|
|
|a (urnnbn)urn:nbn:sk:snk:ar-a0avjn
|
| 035 |
|
|
|a (uuid)20f33aae-c0d0-4e2b-a528-d17bd85a855e
|
| 035 |
|
|
|a urn:nbn:sk:snk-abcxh7
|
| 040 |
|
|
|a SNKBUCL
|b slo
|c SNKBUCL
|e AACR2
|
| 041 |
0 |
|
|a slo
|
| 044 |
|
|
|a xo
|c SK
|
| 100 |
1 |
|
|a Aparin, G. A.
|4 aut
|9 516338
|
| 245 |
1 |
0 |
|a Niektoré prístroje na kontrolu hladkosti povrchu
|c G. A. Aparin, J. E. Gorodeckij, B. Bohuš
|
| 700 |
1 |
|
|a Bohuš, Bohuslav
|4 trl
|9 431798
|
| 700 |
1 |
|
|a Gorodeckij, J. E.
|4 aut
|9 1198956
|
| 773 |
0 |
|
|t Technická práca : časopis Ústřední rady Čs. vědecko-technické společnosti
|g Roč. 6, č. 11 (1954), s. 656-658
|
| 954 |
|
|
|a odborná, vedecká literatúra pôvodná (slovenská)
|2 lita
|
| 958 |
|
|
|a OND
|
| 958 |
|
|
|a EUIPO
|
| 958 |
|
|
|a article16
|
| 999 |
|
|
|c 2091113
|d 2093043
|